V Trobada d'Estudiosos del Garraf : 16 de novembre de 2006 : Castelldefels 16 de novembre de 2006 :
Publicado:
Barcelona :
Diputació de Barcelona. Àrea d'Espais Naturals, Xarxa de Parcs Naturals ,
2006
Descripción Física:
[45] p. ; 30 cm
Materias:
Garraf -- Congressos
MARC
| LEADER | 00000nam a2200000Ia 4500 | ||
|---|---|---|---|
| 001 | 21039 | ||
| 008 | 160829s2006 xx 000 0 cat d | ||
| 080 | |a FU-25-3 | ||
| 111 | 2 | |a Trobada d'Estudiosos del Garraf |n (5a : |d 2006 : |c Castelldefels, Catalunya) |9 55753 | |
| 245 | |a V Trobada d'Estudiosos del Garraf : |b 16 de novembre de 2006 : |b Castelldefels | ||
| 260 | |a Barcelona : |b Diputació de Barcelona. Àrea d'Espais Naturals, Xarxa de Parcs Naturals, |c 2006 | ||
| 300 | |a [45] p. ; |c 30 cm | ||
| 590 | |a A la coberta: Dossier. | ||
| 590 | |a Programa i resums de les jornades | ||
| 650 | |a Garraf |x Congressos |9 48663 | ||
| 710 | 1 | |a Barcelona (Catalunya : Província). |b Xarxa de Parcs Naturals |9 7250 | |
| 710 | |a Barcelona (Catalunya : Província). |b Àrea d'Espais Naturals |9 9050 | ||
| 901 | |a Arxiu | ||
| 942 | |n 1 | ||
| 952 | |0 0 |1 0 |4 0 |6 FU253 |7 1 |9 52161 |a Arxiu |b Arxiu |d 2016-12-01 |l 0 |o FU-25-3 |p 21039 |r 2016-12-01 00:00:00 |w 2016-12-01 |y ARXIU | ||
| 999 | |c 56009 |d 56009 | ||